| 000 | 00335 a2200133 4500 | ||
|---|---|---|---|
| 003 | Nust | ||
| 005 | 20170207154607.0 | ||
| 040 | _cNust | ||
| 082 | _a799 | ||
| 245 |
_aIndep Day (Photograph 2004) _cMCS |
||
| 260 |
_aRawalpindi _bMCS _c14-08-2004 |
||
| 650 | _aPictures of Indep Day in MCS Photograph 2004,(CD-NO-13) | ||
| 651 | _aSweet Memories-MCS | ||
| 942 | _cBK | ||
| 999 |
_c198746 _d198746 |
||